Quizzes
Events
Quiz Creation
Community
Videos
Private Events
Remove Ads
Sign In
Join for FREE
Feedback
Dark Mode
Quiz Categories
Sports
Geography
Music
Movies
Television
Just For Fun
Miscellaneous
History
Literature
Language
Science
Gaming
Entertainment
Religion
Holiday
For Kids
Quiz Lab
Recent
Popular Today
Quiz Kudos Today
Editor Picks
Curator Picks
Quizzes by...
Day
Popularity
Type
Ratings
Length
Year
Community
Subscriptions
Recent Discussions
Orange Saloon
Badges
Playlists
Quests
Create
Leaderboards
Showdown
Live 5
Trivia Bingo
Activity
Puzzle Library
Sporcle Events
Private Events
Virtual Trivia
Globe League
Become a Host
Pub Owners
SporcleCon
Opinionation
Our Games
Videos
Blog
Mobile Apps
Partnerships
Remove Ads and Go Orange
Feedback
Just For Fun
Clickable
Get the Picture
Humor
Quick Pick
Word Ladder
Missing Word
Mixed Word
Blitz
Minefield
This or That
Alphabet
Color
Typing
Sporcle
Puzzle
Word Play
Follow That Line
Logic
Just For Fun
Clickable
Get the Picture
Humor
Quick Pick
Word Ladder
Missing Word
Mixed Word
Blitz
Minefield
This or That
Alphabet
Color
Typing
Sporcle
Puzzle
Word Play
Follow That Line
Logic
Random Quiz
Search Sporcle
×
Quiz Lab
Quiz Lab
Just For Fun
Well Known
Type in answers that appear in a list
Type in answers that appear in a list
Classic
Best Score? Go Orange.
Well Known Proverbs Stats
Can you name the Well Known Proverbs?
By
Coletrain17
4m
31 Questions
434 Plays
434 Plays
434 Plays
Comments
Comments
Give Quiz Kudos
Give Quiz Kudos
-
- Ratings
hide this ad
Replay
Link that replays current quiz
Next Quiz
Link to next quiz in quiz playlist
You Got
0%
They Got
Avg Score
61%
Avg Friend Score
Upgrade to see
Score Distribution
Jump to the score distribution portion of the page
Score
0/31
Timer
04:00
0
Plays Today
Proverb
Blank
% Correct
An _
_
_
_
_
_
_
_
_
_
a day keeps the doctor away
Apple
96.5%
Better to be safe than _
_
_
_
_
_
_
_
_
_
Sorry
91.2%
_
_
_
_
_
_
_
_
_
_
is thicker than water
Blood
88.2%
A watched pot never _
_
_
_
_
_
_
_
_
_
Boils
85.5%
_
_
_
_
_
_
_
_
_
_
is where the heart is
Home
84.6%
A leopard cannot change it's _
_
_
_
_
_
_
_
_
_
Spots
82.3%
Two's company, three's a _
_
_
_
_
_
_
_
_
_
Crowd
81.6%
Don't bite the hand that _
_
_
_
_
_
_
_
_
_
Feeds You
81.1%
No news is _
_
_
_
_
_
_
_
_
_
Good News
80.9%
The _
_
_
_
_
_
_
_
_
_
is mightier than the sword
Pen
80%
You can't teach an _
_
_
_
_
_
_
_
_
_
new tricks
Old Dog
78.3%
A penny saved is a penny _
_
_
_
_
_
_
_
_
_
Earned
76%
Birds of a feather _
_
_
_
_
_
_
_
_
_
together
Flock
74.7%
_
_
_
_
_
_
_
_
_
_
is blind
Love
74.2%
You can take a horse to water, but you can't _
_
_
_
_
_
_
_
_
_
Make it Drink
73.3%
Give someone an inch and they'll take a _
_
_
_
_
_
_
_
_
_
Mile
72.1%
Proverb
Blank
% Correct
Look before you _
_
_
_
_
_
_
_
_
_
Leap
65.9%
It's always darkest before _
_
_
_
_
_
_
_
_
_
Dawn
64.5%
When in Rome, _
_
_
_
_
_
_
_
_
_
Do as the Romans do
63.4%
_
_
_
_
_
_
_
_
_
_
is the best medicine
Laughter
56.7%
Too many cooks spoils the _
_
_
_
_
_
_
_
_
_
Broth
55.3%
_
_
_
_
_
_
_
_
_
_
makes waste
Haste
54.1%
_
_
_
_
_
_
_
_
_
_
have ears
Walls
52.1%
Early to bed and early to rise makes a man _
_
_
_
_
_
_
_
_
_
, _
_
_
_
_
_
_
_
_
_
, and _
_
_
_
_
_
_
_
_
_
Healthy Wealthy Wise
49.1%
_
_
_
_
_
_
_
_
_
_
makes the heart grow fonder
Distance
33.9%
If you lie down with the dogs, you'll _
_
_
_
_
_
_
_
_
_
Rise with Fleas
29.7%
Love all, trust _
_
_
_
_
_
_
_
_
_
Few
26.3%
Better lose the _
_
_
_
_
_
_
_
_
_
than the horse
Saddle
22.4%
_
_
_
_
_
_
_
_
_
_
1 to warn 100
Kill
11.8%
A young _
_
_
_
_
_
_
_
_
_
, and old beggar
Idler
5.1%
_
_
_
_
_
_
_
_
_
_
is the pinnacle of perfection
Cole Goodyear
2.8%
Quiz Playlist
Details
Report
Send in Message
Add To Playlist
Classic:
Type in answers that appear in a list
Last Updated: Feb 16, 2017
Quiz Scoreboard
CHALLENGE
Sign Up to Join the Scoreboard
Show All
Scores
Hide
Comments
May contain spoilers
Recently Published
Billboard Blitz: Fleetwood Mac
by CooCooCachoo
Music
15s
Presidents Visiting Landmarks
by Hejman
History
7m
An Introduction to Baseball
by treessimontrees
Sports
5m
More to Explore
Quiz From the Vault
Featured Blog Post
Where Did the Easter Bunny Come From?
hide this ad
You Might Also Like...
Tags
blank
Known
Proverb
Well Known
Today's Top Quizzes in Just For Fun
Browse Just For Fun
hide this ad
Today's Top Quizzes in Well Known
Browse Well Known
Top Contributed Quizzes in Just For Fun
1
Killer Double Trees 224 - Colour Match-Up
2
Spring Typing Challenge
3
Crossword Whiteout! 49
4
Zeroing In: Just For Fun
5
Harry Potter Logic - 'In Chains' II
6
Survivor Winners Logic Puzzle
7
Word Ladder: Ahoy Matey
8
Kyle's 122nd Triple Trees
9
Who Wants to be a Millionaire? (CLICKABLE)
10
Word Ladder: Wilderness Weapon
Explore More
Trending Topics
Kpop
Disney
NBA
Crossword
Marvel
Harry Potter
Anime
Song
NFL
Soccer
WWE
Pokémon
The Office
Puzzle
Country
hide this ad
More By:
Coletrain17
Quiz
Plays
Rating
Category
Featured
Created
Well Known Proverbs
434
2.40
Just For Fun
Apr 25, 2010
Go to Creator's Profile
Score Distribution
Quiz Creator Spotlight
Coletrain17
Follow
Send a Message
Quizzes Created
-
Created Quiz Play Count
-
More By This Creator
Popular Quizzes Today
1
Find the US States - No Outlines Minefield
2
Find the Countries of Europe - No Outlines Minefield
3
The Countries of the World
4
Find the US States
5
Popular People in 1961
6
US States
7
Risky Map Clicking: Biggest States A-Z
8
Movies - When Are They Set?
More Just For Fun Quizzes
Mixed Word: Common Bond XVI
Published
Trending Quizzes
Risky Map Clicking: Least Populous States A-Z
1-10 Letter G Words
1-10 Letter F Words
Risky Map Clicking: Next State Alphabetically
Risky Map Clicking: Biggest States A-Z
Recently Updated
Leaping Animals
pecheneg
Reality TV Shows (A-Z)
bhenderson79
Rickey Henderson's Hall of Fame Teammates
pecheneg
Champions League XIs: Arsenal
pecheneg
Quick Pick: Celebrities in WWE's Hall of Fame
aduchscher
A-Z Keypad Blitz II
pecheneg
Multiple Oscar Actors
pecheneg
Mystery Phrase Blitz: Oscar 'Best Actors'
pecheneg
F. Scott Fitzgerald Novels
LTH
Pick 3 Villains
ddd62291
Trending Topics
Harry Potter
Crossword
Anime
Marvel
Kpop
NBA
Disney
Puzzle
The Office
WWE
Pokémon
NFL
Country
Soccer
Song
Your Account Isn't Verified!
In order to create a playlist on Sporcle, you need to verify the email address you used during registration. Go to your
Sporcle Settings
to finish the process.
Report this User
Report this user for behavior that violates our
Community Guidelines
.
Details:
Send Report
Go to the Sporcle.com Mobile Site →
Comments